Legum Liber: (Record no. 212953)

MARC details
000 -LEADER
fixed length control field 00635nam a22001937a 4500
005 - DATE AND TIME OF LATEST TRANSACTION
control field 20250808112721.0
010 ## - LCCN (DPL NO)
LC control number ENG-146382
020 ## - INTERNATIONAL STANDARD BOOK NUMBER
Terms of availability 525.00
International Standard Book Number 9789361630361
035 ## - SYSTEM CONTROL NUMBER
System control number EN-129914
037 ## - SOURCE OF ACQUISITION
Source of stock number/acquisition DBAD
082 ## - DEWEY DECIMAL CLASSIFICATION NUMBER
Classification number 346.54064
Edition number 1
245 ## - TITLE STATEMENT
Title Legum Liber:
Remainder of title A Compilation of Case Studies in Law/
Statement of responsibility, etc Edited By Yazhini Kuppusamy
250 ## - EDITION STATEMENT
Edition statement 1
260 ## - PUBLICATION, DISTRIBUTION, ETC. (IMPRINT)
Place of publication, distribution, etc Madurai
Name of publisher, distributor, etc Shanlax Publications
Date of publication, distribution, etc 2025
270 ## - ADDRESS
Address 61, T.P.K., Main Road, Vasantha Nagar
City Madurai
Postal code 625003
Electronic mail address shanlax_1990@yahoo.com
300 ## - PHYSICAL DESCRIPTION
Extent 185p.
Dimensions 25cm(pb)
700 ## - ADDED ENTRY--PERSONAL NAME
Personal name Kuppusamy, Yazhini
Relator term Editor
9 (RLIN) 83963
942 ## - ADDED ENTRY ELEMENTS (KOHA)
Source of classification or shelving scheme Dewey Decimal Classification
Item type English Books
Classification part 346.54064
Call number suffix KUP
Holdings
Withdrawn status Lost status Not for loan Collection code Home library Current library Date acquired Source of acquisition Cost, normal purchase price Full call number Barcode Copy number Cost, replacement price Koha item type
      Non-fiction Mobile Library Mobile Library 08/08/2025 Delivery of Books Act Division 525.00 346.54064 KUP EN-129914 1 525.00 English Books

© Delhi Public Library
Hit Counter
free hit counter